000 00310nam a2200133Ia 4500
008 240913s9999||||xx |||||||||||||| ||und||
082 _a325.3 POS
100 _aNULL
245 0 _aPostcolonial Studies and beyond
250 _aNULL
260 _bPermanent Black
_aDelhi
_c2008
300 _a499
942 _cBKS
999 _c11834
_d11834